On location 3 : Reading and writing for success in the content areas

Books 3 enables students to meet intermediate - level standards. Reading selections are less than 800 words in lengthm providing on onramp to avademic text. By the end of Book 3, students are able to produce simple essays - writing that informs, explains, analyzes, and persuades.

Sparad:
Bibliografiska uppgifter
Huvudupphovsman: Bye, Thomas J.
Materialtyp: Bok
Språk:Undetermined
Publicerad: New York McGraw-Hill 2005
Ämnen:
Taggar: Lägg till en tagg
Inga taggar, Lägg till första taggen!
Thư viện lưu trữ: Trung tâm Học liệu Trường Đại học Cần Thơ
LEADER 00902nam a2200217Ia 4500
001 CTU_180180
008 210402s9999 xx 000 0 und d
082 |a 428.24 
082 |b B993/Vol.3 
100 |a Bye, Thomas J. 
245 0 |a On location 3 : 
245 0 |b Reading and writing for success in the content areas 
245 0 |c Thomas Bye 
260 |a New York 
260 |b McGraw-Hill 
260 |c 2005 
520 |a Books 3 enables students to meet intermediate - level standards. Reading selections are less than 800 words in lengthm providing on onramp to avademic text. By the end of Book 3, students are able to produce simple essays - writing that informs, explains, analyzes, and persuades. 
650 |a English language,Tiếng Anh thực hành 
650 |x Study and teaching,Học và dạy 
904 |i Giang 
980 |a Trung tâm Học liệu Trường Đại học Cần Thơ